000 00731nam a2200229 a 4500
001 000001892
005 20200929145740.0
008 810324s1961 sp 000 f spa d
040 _aDO-SdBNP
_bspa
_cBNPHU
082 _a863.5
_bP438co
100 1 _aPérez Galdós, Benito,
_d1843-1920.
_93681
245 1 3 _aLa corte de Carlos IV /
_cBenito Pérez Galdos.
260 _aMadrid :
_bHernando,
_c1961.
300 _a297 p. ;
_c18 cm.
490 1 _aEpisodios nacionales
_v1
650 4 _aNovela española
_91123
650 4 _aNovela histórica española
_96177
650 4 _aEspaña
_xHistoria
_93057
650 4 _aLiteratura española
_9632
600 1 4 _aCARLOS IV,
_d1788-1808
_xNOVELA
_96178
830 0 _aEpisodios nacionales;
_v1
_94938
999 _c1766
_d1766